Statistiques concernant Trouve les paroles - Je te donne - Jean-Jacques Goldman

Cliquez ici pour prendre le quiz!

Statistiques générales

  • Ce quiz a été pris 59 fois
  • Le résultat moyen est 259 sur 359

Statistiques - réponses

Réponse% Correct
donne
98%
je
98%
Je
98%
te
98%
to
98%
a
96%
à
96%
Ce
96%
ce
96%
de
96%
que
96%
Tout
96%
différences
94%
I
94%
me
94%
mes
94%
Mes
94%
chances
90%
des
90%
les
90%
Les
90%
sont
90%
Tous
90%
toutes
90%
you
90%
défauts
88%
faut
88%
give
88%
la
88%
qui
88%
un
88%
comme
86%
Et
86%
et
86%
il
86%
jamais
86%
on
86%
On
86%
autant
84%
bien
84%
ces
84%
gens
84%
sera
84%
voix
84%
can
82%
j'ai
82%
vaux
82%
ne
80%
standards
80%
tempo
80%
ma
78%
mots
78%
my
78%
My
78%
notes
78%
propre
76%
Quand
76%
ton
76%
ta
73%
The
73%
the
73%
voice
73%
fois
69%
fort
69%
in
69%
nos
69%
Nos
69%
Une
69%
crois
67%
fragile
67%
espoir
65%
j'imagine
65%
parle
65%
suis
65%
épaule
63%
peu
63%
solide
63%
emportent
61%
and
59%
brunes
59%
filles
59%
l'amour
57%
Oh
57%
trésors
57%
l'humour
55%
l'on
55%
doutes
53%
go
53%
notre
53%
ont
53%
soul
53%
dans
51%
we
51%
laissé
49%
l'histoire
49%
routes
49%
when
49%
force
45%
is
43%
rhythm
43%
questions
41%
stupide
41%
with
41%
inside
39%
of
39%
pride
39%
from
37%
indicible
37%
ancestral
35%
belles
35%
deep
35%
feel
35%
forte
35%
harmony
35%
let
35%
plus
35%
Plus
35%
way
35%
your
35%
day
33%
heart
33%
I'm
33%
It
33%
it
33%
Put
33%
words
33%
boy
31%
dons
31%
sing
31%
Whatever
31%
whatever
31%
lost
29%
will
29%
portent
27%
raisons
27%
ring
27%
that
27%
Welsh
27%
feeling
24%
his
24%
home
24%
who's
24%
bred
22%
Carry
22%
hurt
22%
make
22%
songs
22%
even
20%
good
20%
helps
20%
down
16%
Oui
16%
stories
16%
thoughts
14%
I've
12%
love
12%
platform
12%
told
12%
climb
8%
non
8%
Non
8%
one
6%
pense
4%

Distribution des résultats

Percentile par nombre de réponses

% des personnes avec chaque résultat

Votre développement - résultats

Vous n’avez pas pris ce quiz